00650nam a2200181 a 450000100100000000500170001000800410002702000150006804000250008310000290010824500990013726000270023630000280026349000230029183000320031495201050034699900170045100004340520201002040902.0140314s1984 sp a 000 0 spa d a8476000154 aDO-SdBNPbspacBNPHU1 aBeaulieu, Martine97106710aManual práctico y anecdótico de grandes clásicos de la coctelería /cMartine Beaulieu. aMadrid :bAkal,c1984. a191 p. :bil. ;c17 cm.1 aAkal bolsillov138 0aAkal bolsillo ;n138971068 001050718MOaGRbGRcCTd2014-03-14iLF1l0o p43405-10r2020-06-25w2020-06-25y1ZNo se presta c42894d42894